| 000 | 01374naa a22002777a 4500 | ||
|---|---|---|---|
| 001 | BR9604109 | ||
| 003 | BR-BrBNA | ||
| 005 | 20240918181530.0 | ||
| 007 | ta | ||
| 008 | 230509b bl.||||| |||| 00| 0 por d | ||
| 040 |
_aBR-BrBNA _bpor _cBiblioteca Nacional de Agricultura |
||
| 041 | _a(Pt) | ||
| 072 |
_aL10 _b7110 |
||
| 090 | _aL10 BR9604109 | ||
| 100 | 1 | _aBreyer, H.F.E. | |
| 100 | 1 | _aXavier, I.C. | |
| 111 | 1 |
_a2. Seminario de Experiencias de Campo da Extensao Rural _cCuritiba, PR (Brazil) _dNov 1983 |
|
| 245 | 1 | _aIntroducao direta de rainhas de Apis melifera (hibridas africanas)com utilizacao de rodela de cebola (Alium cepa) | |
| 260 | 3 |
_aCuritiba, PR (Brasil): _c1984. |
|
| 500 | _aAnais do 2. Seminario de Experiencia de Campo da Extensao Rural: apicultura, bovinocultura de leite, bovinocultura de corte, caprinocultura, forrageiras, ovinocultura, ostricultura, piscicultura, suinocultura Curitiba, PR (Brasil): 1984. p. 25-26 (BR9604109-AM)L10 | ||
| 650 | _aAbelha Rainha | ||
| 650 | _aSelecao Genetica | ||
| 773 | 0 |
_tAnais do 2. Seminario de Experiencia de Campo da Extensao Rural: apicultura, bovinocultura de leite, bovinocultura de corte, caprinocultura, forrageiras, ovinocultura, ostricultura, piscicultura, suinocultura _wL10 BR9604109 _gCuritiba, PR (Brasil), 1984. p. 25-26 |
|
| 909 |
_a202404 _bLucia _c55 _dLucia Elande |
||
| 942 |
_cAM _2AGRIS |
||
| 999 |
_c325716 _d325716 |
||